Obálka Náhled e-knihy:
Epub
Pro půjčování e-knih musíte být přihlášeni.
Jak si půjčit online?

Barvy krásy. Sophiina naděje /

Sophia Krohnová nečekaně otěhotní se svým milencem, který se bojí skandálu a Sophii opouští. Její rodiče ji zavrhnou a tak Sophii čeká nejistá budoucnost.

Uloženo v:
Série:Barvy krásy, část 1
Hlavní autor: Bomann, Corina, 1974- (Autor)
Další autoři: Hoangová, Dagmar (Autor)
Médium: E-kniha
Jazyk:Czech
Vydáno: Praha : Ikar, 2022
Vydání:Vydání první
Témata:
On-line přístup:Plný text - pro registrované uživatele NK ČR
Příbuzné jednotky:Z cyklu:: Barvy krásy
Tagy:
Žádné tagy
LEADER 02872nam a2200481 i 4500
001 311577
003 CZ PrSKC
005 20260601215708.0
007 ta
008 220505s2022 xr g 000 f cze
015 |a cnb003392333 
020 |a 9788024947105  |q (vázáno) 
035 |a (OCoLC)1335743308 
040 |a ABG001  |b cze  |d ABA001  |e rda 
041 1 |a cze  |h ger 
072 7 |a 821.112.2-3  |x Německá próza, německy psaná  |2 Konspekt 
080 |a 821.112.2-31  |2 MRF 
080 |a (0:82-31)-055.2  |2 MRF 
100 1 |a Bomann, Corina,  |d 1974-  |7 xx0182405  |4 aut 
240 1 0 |a Sophias Hoffnung.  |l Česky 
245 1 0 |a Barvy krásy.  |p Sophiina naděje /  |c Corina Bomannová ; z německého originálu Die Farben der Schönheit - Sophias Hoffnung ... přeložila Dagmar Hoangová 
246 3 0 |a Sophiina naděje 
250 |a Vydání první 
264 1 |a Praha :  |b Ikar,  |c 2022 
300 |a 375 stran ;  |c 24 cm 
336 |a text  |b txt  |2 rdacontent 
337 |a bez média  |b n  |2 rdamedia 
338 |a svazek  |b nc  |2 rdacarrier 
520 2 |a Sophia Krohnová nečekaně otěhotní se svým milencem, který se bojí skandálu a Sophii opouští. Její rodiče ji zavrhnou a tak Sophii čeká nejistá budoucnost.  |b Berlín 1926. Rozrušená, těhotná Sophia opouští dům rodičů. Její otec ji už nechce vidět, matka se utápí v slzách. Když posléze Sophia stane před svým milencem, pochopí, že musí jejich dítě vychovávat sama. Navíc jako neprovdaná. Naprosto zoufalá odjíždí s přítelkyní do Paříže, kde se jí naskytne jedinečná příležitost. Slavná Helena Rubinsteinová je Sophiiným šarmem a jedním z jejích vlastnoručně zhotovených krémů nadšená. A nabídne jí, aby pracovala pro její impérium krásy. Sophia se tak plná naděje v nové štěstí vydává do New Yorku. Nakladatelská anotace. Kráceno. 
655 7 |a německé romány  |7 fd132945  |2 czenas 
655 7 |a romány pro ženy  |7 fd187897  |2 czenas 
655 9 |a German fiction  |2 eczenas 
655 9 |a women's novels  |2 eczenas 
700 1 |a Hoangová, Dagmar  |7 xx0068788  |4 trl 
765 1 |t Farben der Schönheit 
787 0 8 |i Z cyklu:  |t Barvy krásy  |g 1 
856 4 1 |u https://www.bookport.cz/AccountSaml/SignIn/?idp=https%3A%2F%2Fshibboleth.nkp.cz%2Fidp%2Fshibboleth&returnUrl=/kniha/barvy-krasy-sophiina-nadeje-13918/  |y Plný text - pro registrované uživatele NK ČR  |4 N 
900 |a ABA001  |b 20 
928 9 |a Euromedia Group - Ikar 
044 |a xr 
910 |a RBIT002 
998 |d 352956  |a https://core.palmknihy.cz/api/books/352956/cover?styumb  |b https://core.palmknihy.cz/api/books/352956/cover/400?styumb  |c https://core.palmknihy.cz/api/books/352956/cover/50?styumb  |e 2026-06-03  |g 376  |i 9788024947105  |j https://core.palmknihy.cz/api/books/352956/preview.epub  |l   |q 49  |r 1  |s https://www.palmknihy.cz/kniha/352956  |t ebook  |y 2022  |z 0  |v Barvy krásy  |w 1 
999 |d 311575